Polemika o rozvoji dodavateľských sietí
Vplyv zmien podnikateľského prostredia na logistiku. Filozofia metódy Supply Chain Management.
Salvato in:
| Autore principale: | |
|---|---|
| Natura: | Capitolo di libro |
| Lingua: | slovacco |
| Soggetti: | |
| Tags: |
Nessun Tag, puoi essere il primo ad aggiungerne!!
|
MARC
| LEADER | 00000naa$a2200000$$$4500 | ||
|---|---|---|---|
| 001 | 0053240 | ||
| 005 | 20231108134025.8 | ||
| 041 | 0 | |a slo | |
| 044 | |a SK | ||
| 245 | 1 | 0 | |a Polemika o rozvoji dodavateľských sietí |c Marie Jurová |
| 520 | |a Vplyv zmien podnikateľského prostredia na logistiku. Filozofia metódy Supply Chain Management. | ||
| 610 | 2 | 0 | |a distribúcia |
| 610 | 2 | 0 | |a logistika |
| 610 | 2 | 0 | |a riadenie reťazcov dodávateľských |
| 610 | 2 | 0 | |a prostredie podnikateľské |
| 610 | 2 | 0 | |a reťazce logistické |
| 610 | 2 | 0 | |a reťazce dodávateľsko-odberateľské |
| 100 | 1 | |a Jurová, Marie | |